| 000 | 00677nam a2200241Ia 4500 | ||
|---|---|---|---|
| 001 | 9741 | ||
| 005 | 20240113234226.0 | ||
| 007 | ta | ||
| 008 | 050728s1991 a g b000 u eng u | ||
| 040 | _aCotton College Assam | ||
| 041 | _aeng | ||
| 082 |
_a294.5921 _bSa 71 Bh |
||
| 100 | _aSarmah, Thaneswar . | ||
| 245 | 0 |
_aThe Bharadvajas in Ancient India / _cThaneswar Sarmah. _hTextual Documents |
|
| 250 | _a1st ed. / | ||
| 260 |
_aDelhi : _bMotilal Banarsidass Publishers , _c1991. |
||
| 300 |
_axliii, 382p. : _bill. ; _c22cm . |
||
| 504 | _aIndex | ||
| 653 | _aSanskrit-History, India-Ancient | ||
| 942 |
_2ddc _cBK |
||
| 999 |
_c9728 _d9728 |
||